[Event "Czech Open GM 2019"]
[Site "Pardubice"]
[Date "2019.07.19"]
[Round "1.22"]
[White "Rozman, Levy"]
[Black "Dev, Shah"]
[Result "1-0"]
[WhiteElo "2382"]
[BlackElo "2147"]
[Annotator "NA"]
[PlyCount "85"]
[EventDate "2019.07.19"]
[EventType "swiss"]
[EventCountry "CZE"]
[SourceTitle "playchess.com"]
[Source "ChessBase"]
[SourceQuality "1"]

1. c4 c6 2. e4 d5 3. exd5 cxd5 4. cxd5 Nf6 5. Nc3 Nxd5 6. Nf3 Nc6 7. Bc4 e6 8. O-O Be7 9. d4 O-O 10. Re1 Bf6 11. Ne4 h6 12. b3 Nb6 13. Nxf6+ Qxf6 14. Bb2 Ne7 15. Ne5 Ned5 16. Ng4 Qg6 17. Bd3 f5 18. Ne5 Qf6 19. a4 Nb4 20. Bb5 Rd8 21. Qd2 N4d5 22. Rac1 a6 23. Be2 Bd7 24. Bf3 Be8 25. Nc4 Nc8 26. Ba3 Rb8 27. Re2 b5 28. Rce1 Nc7 29. Ne5 bxa4 30. bxa4 Nb6 31. a5 Nbd5 32. Bc5 Bb5 33. Bh5 Bxe2 34. Bf7+ Kh7 35. Qxe2 Rb3 36. g3 Nb5 37. Nc6 Rc8 38. Qxe6 Rxc6 39. Bg8+ Kg6 40. Qe8+ Kg5 41. h4+ Kg4 42. Qe2+ Kh3 43. Bxd5 1-0

[Event "Czech Open GM 2019"]
[Site "Pardubice"]
[Date "2019.07.19"]
[Round "1.23"]
[White "Bulockin, Martin"]
[Black "Haba, Petr"]
[Result "0-1"]
[WhiteElo "2210"]
[BlackElo "2458"]
[Annotator "ChessBase"]
[PlyCount "40"]
[EventDate "2019.07.19"]
[EventType "swiss"]
[EventCountry "CZE"]
[SourceTitle "playchess.com"]
[Source "ChessBase"]
[SourceQuality "1"]

1. d4 d5 2. Bf4 c5 3. e3 Nc6 4. c3 Qb6 5. Qb3 c4 6. Qc2 e5 7. dxe5 Bf5 8. Qc1 g5 9. Bg3 h5 10. h4 gxh4 11. Rxh4 Nge7 12. e4 Bxe4 13. Rxe4 dxe4 14. Bxc4 Bh6 15. Qc2 O-O-O 16. Ne2 h4 17. Bh2 Rhg8 18. Kf1 Qxb2 19. Bb3 Qxa1 20. e6 Rd2 0-1

[Event "Czech Open GM 2019"]
[Site "Pardubice"]
[Date "2019.07.19"]
[Round "1.23"]
[White "Buchcar, Tomas"]
[Black "Stalmach, Richard"]
[Result "0-1"]
[WhiteElo "2141"]
[BlackElo "2381"]
[Annotator "NA"]
[PlyCount "66"]
[EventDate "2019.07.19"]
[EventType "swiss"]
[EventCountry "CZE"]
[SourceTitle "playchess.com"]
[Source "ChessBase"]
[SourceQuality "1"]

1. c4 Nf6 2. g3 g6 3. Bg2 Bg7 4. Nc3 O-O 5. e3 d6 6. Nge2 e5 7. O-O c6 8. b3 Re8 9. d4 exd4 10. Nxd4 Nbd7 11. h3 Nc5 12. Bb2 a5 13. Rc1 Nfd7 14. Rc2 Ne5 15. Rd2 Qb6 16. f4 Ned3 17. Rxd3 Nxd3 18. Qxd3 Rxe3 19. Na4 Rxd3 20. Nxb6 Rb8 21. Re1 Kf8 22. Re4 c5 23. Bf1 Bxd4+ 24. Bxd4 Rxd4 25. Re2 Be6 26. Bg2 Re8 27. Kf2 Bf5 28. Rxe8+ Kxe8 29. g4 Bb1 30. Bxb7 Bxa2 31. Bc6+ Kf8 32. Ba4 Rxf4+ 33. Ke3 Rf1 0-1

[Event "Czech Open GM 2019"]
[Site "Pardubice"]
[Date "2019.07.19"]
[Round "1.24"]
[White "Abdumalik, Zhansaya"]
[Black "Prymula, Roman"]
[Result "1-0"]
[WhiteElo "2458"]
[BlackElo "2205"]
[Annotator "ChessBase"]
[PlyCount "51"]
[EventDate "2019.07.19"]
[EventType "swiss"]
[EventCountry "CZE"]
[SourceTitle "playchess.com"]
[Source "ChessBase"]
[SourceQuality "1"]

1. e4 c5 2. Nf3 Nc6 3. d4 cxd4 4. Nxd4 e5 5. Nb5 d6 6. N1c3 a6 7. Na3 Be6 8. Nc4 Be7 9. Ne3 Nf6 10. g4 Rc8 11. Bg2 Nd4 12. Nf5 Bxf5 13. exf5 b5 14. a3 Nxg4 15. Qxg4 Nxc2+ 16. Kd1 Nxa1 17. Bd5 Bf6 18. Be3 h5 19. Qe4 O-O 20. Kd2 Bg5 21. Rxa1 Bxe3+ 22. fxe3 Qg5 23. Ne2 Rc7 24. Rg1 Qh6 25. Rg6 Qh7 26. f6 1-0

[Event "Czech Open GM 2019"]
[Site "Pardubice"]
[Date "2019.07.19"]
[Round "1.24"]
[White "Bronstein, Or"]
[Black "Fojt, Petr"]
[Result "1-0"]
[WhiteElo "2378"]
[BlackElo "2140"]
[Annotator "NA"]
[PlyCount "53"]
[EventDate "2019.07.19"]
[EventType "swiss"]
[EventCountry "CZE"]
[SourceTitle "playchess.com"]
[Source "ChessBase"]
[SourceQuality "1"]

1. d4 Nf6 2. c4 c5 3. d5 e6 4. Nc3 exd5 5. cxd5 Bd6 6. g3 O-O 7. Bg2 Bc7 8. d6 Ba5 9. Nh3 Nc6 10. O-O Rb8 11. Nf4 Bxc3 12. bxc3 Ne5 13. Nd5 Qa5 14. Nxf6+ gxf6 15. Qc2 b5 16. Qf5 Qd8 17. Bh6 Re8 18. f4 Ng6 19. Qg4 f5 20. Qxf5 Bb7 21. Bxb7 Rxb7 22. e4 b4 23. c4 a5 24. e5 b3 25. axb3 Rxb3 26. Rxa5 Rb4 27. Ra8 1-0

[Event "Czech Open GM 2019"]
[Site "Pardubice"]
[Date "2019.07.19"]
[Round "1.25"]
[White "Siniauski, Artsiom"]
[Black "Teclaf, Pawel"]
[Result "1/2-1/2"]
[WhiteElo "2205"]
[BlackElo "2454"]
[Annotator "ChessBase"]
[PlyCount "80"]
[EventDate "2019.07.19"]
[EventType "swiss"]
[EventCountry "CZE"]
[SourceTitle "playchess.com"]
[Source "ChessBase"]
[SourceQuality "1"]

1. e4 c5 2. Nf3 d6 3. Bb5+ Nd7 4. d4 cxd4 5. Qxd4 a6 6. Bxd7+ Bxd7 7. Bg5 Bg4 8. Nbd2 Rc8 9. c4 h6 10. Bh4 Qc7 11. Rc1 e5 12. Qd3 Be7 13. Bxe7 Nxe7 14. O-O O-O 15. Rfd1 Rfd8 16. b3 Qa5 17. a4 Nc6 18. h3 Be6 19. Nf1 Rb8 20. Qc3 Qxc3 21. Rxc3 Nb4 22. Ne3 Rbc8 23. Nc2 Nxc2 24. Rxc2 b5 25. axb5 axb5 26. Rcd2 bxc4 27. bxc4 Rxc4 28. Nxe5 Rxe4 29. Nc6 Re8 30. Rxd6 Bf5 31. Rd8 Rxd8 32. Rxd8+ Kh7 33. Rd2 Re8 34. Nd4 Rd8 35. Nf3 Rxd2 36. Nxd2 Be6 37. h4 Kg6 38. g3 Bd5 39. Nf1 Kf6 40. Ne3 Bf3 1/2-1/2

[Event "Czech Open GM 2019"]
[Site "Pardubice"]
[Date "2019.07.19"]
[Round "1.25"]
[White "Galicek, Stanislav"]
[Black "Jablonicky, Martin"]
[Result "0-1"]
[WhiteElo "2140"]
[BlackElo "2378"]
[Annotator "NA"]
[PlyCount "50"]
[EventDate "2019.07.19"]
[EventType "swiss"]
[EventCountry "CZE"]
[SourceTitle "playchess.com"]
[Source "ChessBase"]
[SourceQuality "1"]

1. d4 Nf6 2. c4 g6 3. g3 Bg7 4. Bg2 O-O 5. Nc3 d6 6. Nf3 c5 7. dxc5 dxc5 8. O-O Nc6 9. Be3 Qa5 10. Qb3 Ng4 11. Bd2 Nd4 12. Nxd4 cxd4 13. Qb5 Qd8 14. Ne4 Rb8 15. c5 Bd7 16. Qb3 b6 17. Qc2 bxc5 18. Nxc5 Bf5 19. Be4 d3 20. Qxd3 Qxd3 21. exd3 Rxb2 22. Bg5 Bd4 23. Bxe7 Nxf2 24. Rxf2 Rxf2 25. Nb3 Rxa2+ 0-1

[Event "Czech Open GM 2019"]
[Site "Pardubice"]
[Date "2019.07.19"]
[Round "1.26"]
[White "Frolov, Artur"]
[Black "Ivanov, Igor"]
[Result "1-0"]
[WhiteElo "2453"]
[BlackElo "2203"]
[Annotator "ChessBase"]
[PlyCount "87"]
[EventDate "2019.07.19"]
[EventType "swiss"]
[EventCountry "CZE"]
[SourceTitle "playchess.com"]
[Source "ChessBase"]
[SourceQuality "1"]

1. e4 g6 2. d4 Bg7 3. Nc3 d6 4. f3 Nd7 5. Be3 a6 6. h4 h5 7. a4 c5 8. a5 cxd4 9. Bxd4 Bxd4 10. Qxd4 Ngf6 11. Bc4 Ne5 12. Bb3 O-O 13. Qd2 Kg7 14. Nge2 Be6 15. Nd5 Bxd5 16. exd5 Rc8 17. Ra4 Nfd7 18. Ba2 Qc7 19. Nd4 b5 20. Ra3 Nf6 21. Re3 Nc4 22. Bxc4 Qxc4 23. Rxe7 Kg8 24. Kf2 Qxd5 25. Rd1 Qc5 26. Qg5 Qxg5 27. hxg5 Nd5 28. Rd7 Nb4 29. c3 Nc6 30. Nxc6 Rxc6 31. R1xd6 Rfc8 32. Rxc6 Rxc6 33. Rb7 Rc4 34. Rb6 Ra4 35. b4 Ra2+ 36. Kg3 Rc2 37. Rxa6 Rxc3 38. Rb6 Kf8 39. Rxb5 Ra3 40. Rb6 Ke8 41. a6 Kd8 42. b5 Ra5 43. Rb7 Kc8 44. Kf4 1-0

[Event "Czech Open GM 2019"]
[Site "Pardubice"]
[Date "2019.07.19"]
[Round "1.26"]
[White "Manik, Mikulas"]
[Black "Roessler, Ulrike"]
[Result "1-0"]
[WhiteElo "2377"]
[BlackElo "2139"]
[Annotator "NA"]
[PlyCount "67"]
[EventDate "2019.07.19"]
[EventType "swiss"]
[EventCountry "CZE"]
[SourceTitle "playchess.com"]
[Source "ChessBase"]
[SourceQuality "1"]

1. e4 e5 2. Nf3 Nf6 3. Nxe5 d6 4. Nf3 Nxe4 5. d4 d5 6. Bd3 Nc6 7. O-O Be7 8. c4 Nf6 9. h3 Be6 10. c5 O-O 11. Nc3 Nd7 12. Bf4 Bf6 13. Nb5 Rc8 14. Rc1 a6 15. Nc3 Nxd4 16. Nxd4 Bxd4 17. Bxh7+ Kxh7 18. Qxd4 Qf6 19. Qxf6 Nxf6 20. Rfd1 Rfd8 21. Ne2 d4 22. Nxd4 Bxa2 23. b3 Rd7 24. Be3 Nd5 25. Rd2 Nb4 26. Rc4 a5 27. Rxb4 axb4 28. Rxa2 Rcd8 29. c6 bxc6 30. Nxc6 Rd1+ 31. Kh2 R8d3 32. Rb2 Rc3 33. Nxb4 c5 34. Na2 1-0

[Event "Czech Open GM 2019"]
[Site "Pardubice"]
[Date "2019.07.19"]
[Round "1.27"]
[White "Muhseen Abdullah Mohammed"]
[Black "Ostrovskiy, Aleksandr"]
[Result "0-1"]
[WhiteElo "2200"]
[BlackElo "2453"]
[Annotator "ChessBase"]
[PlyCount "81"]
[EventDate "2019.07.19"]
[EventType "swiss"]
[EventCountry "CZE"]
[SourceTitle "playchess.com"]
[Source "ChessBase"]
[SourceQuality "1"]

1. d4 d5 2. c4 e6 3. cxd5 exd5 4. Nc3 c6 5. Qc2 Bd6 6. Nf3 Ne7 7. Bg5 O-O 8. e3 f6 9. Bh4 Bf5 10. Bd3 Qd7 11. Bg3 Bxd3 12. Qxd3 Nf5 13. Bxd6 Nxd6 14. O-O Na6 15. Rae1 Rae8 16. Nd2 Re7 17. a3 Rfe8 18. Re2 Nc7 19. f3 Ne6 20. Rfe1 b6 21. Nf1 f5 22. Rc1 f4 23. Rce1 fxe3 24. Rxe3 Nc4 25. R3e2 Nf4 26. Rxe7 Nxd3 27. Rxe8+ Kf7 28. R8e7+ Qxe7 29. Rxe7+ Kxe7 30. b3 Nxa3 31. Ne3 Nc1 32. b4 b5 33. g3 Nd3 34. Na2 Ne1 35. Kf2 Nec2 36. Nf5+ Kf6 37. Nd6 Nxd4 38. Nc8 Nc4 39. Nxa7 Ke6 40. f4 Kd7 41. g4 0-1

[Event "Czech Open GM 2019"]
[Site "Pardubice"]
[Date "2019.07.19"]
[Round "1.27"]
[White "Vakulenko, Oleksandr"]
[Black "Suleymenov, Alisher"]
[Result "1-0"]
[WhiteElo "2138"]
[BlackElo "2376"]
[Annotator "NA"]
[PlyCount "75"]
[EventDate "2019.07.19"]
[EventType "swiss"]
[EventCountry "CZE"]
[SourceTitle "playchess.com"]
[Source "ChessBase"]
[SourceQuality "1"]

1. d4 Nf6 2. c4 Nc6 3. Nf3 e6 4. Nc3 Bb4 5. Qc2 d6 6. Bd2 O-O 7. a3 Bxc3 8. Bxc3 Qe7 9. b4 e5 10. dxe5 Nxe5 11. e3 Bg4 12. Be2 Nxf3+ 13. gxf3 Bh5 14. Qb2 Bg6 15. h4 Rfe8 16. O-O-O Nh5 17. Rdg1 f6 18. Rh2 a5 19. b5 Kh8 20. Rhg2 Nf4 21. Rg3 c6 22. Kd1 Nh5 23. R3g2 d5 24. f4 dxc4 25. Bxh5 Bxh5+ 26. Kc1 Bg6 27. b6 Qc5 28. Bxf6 c3 29. Qxc3 Qf5 30. Bxg7+ Kg8 31. h5 Qxh5 32. Rg5 Qe2 33. f5 Re4 34. Bd4 Rf8 35. Qb3+ Rf7 36. fxg6 hxg6 37. Rf5 Ree7 38. Rh1 1-0

[Event "Czech Open GM 2019"]
[Site "Pardubice"]
[Date "2019.07.19"]
[Round "1.28"]
[White "Vykouk, Jan"]
[Black "Jun, Rudolf Jr."]
[Result "1-0"]
[WhiteElo "2453"]
[BlackElo "2200"]
[Annotator "ChessBase"]
[PlyCount "75"]
[EventDate "2019.07.19"]
[EventType "swiss"]
[EventCountry "CZE"]
[SourceTitle "playchess.com"]
[Source "ChessBase"]
[SourceQuality "1"]

1. e4 c5 2. Nf3 Nc6 3. Bb5 g6 4. O-O Bg7 5. Re1 e5 6. c3 Nge7 7. Na3 a6 8. Bxc6 dxc6 9. Nc4 Qc7 10. a4 Be6 11. Ne3 O-O 12. a5 h6 13. b3 f5 14. d3 f4 15. Nc4 Rad8 16. Qc2 g5 17. Nfd2 Ng6 18. Ba3 Qe7 19. Nb6 Qd6 20. Na4 Qxd3 21. Qxd3 Rxd3 22. Nf1 Re8 23. Nxc5 Rxc3 24. Nxb7 Rxb3 25. Nc5 Rc3 26. Nxa6 Bc4 27. Nc5 Bf8 28. Bb4 Rc2 29. Rec1 Rxc1 30. Rxc1 Bb5 31. Nd2 Rd8 32. Ndb3 Bxc5 33. Nxc5 Nf8 34. a6 Ra8 35. Ra1 Kf7 36. a7 Ke8 37. f3 Bc4 38. Nb7 1-0

[Event "Czech Open GM 2019"]
[Site "Pardubice"]
[Date "2019.07.19"]
[Round "1.28"]
[White "Chylewski, Patryk"]
[Black "Voinikonis, Nikita"]
[Result "0-1"]
[WhiteElo "2376"]
[BlackElo "2137"]
[Annotator "NA"]
[PlyCount "122"]
[EventDate "2019.07.19"]
[EventType "swiss"]
[EventCountry "CZE"]
[SourceTitle "playchess.com"]
[Source "ChessBase"]
[SourceQuality "1"]

1. d4 Nf6 2. c4 e5 3. dxe5 Ng4 4. Nc3 Bc5 5. e3 Nxe5 6. Nh3 O-O 7. Nf4 Re8 8. Be2 a5 9. O-O Ra6 10. Ne4 Ba7 11. Ng3 Rh6 12. Nf5 Rf6 13. e4 d6 14. Ng3 Nbc6 15. Nd5 Rg6 16. Be3 Bxe3 17. Nxe3 Qh4 18. f4 Rh6 19. Nh5 Ng6 20. g3 Qh3 21. e5 Ncxe5 22. fxe5 Rxe5 23. Bg4 Bxg4 24. Qxg4 Rhxh5 25. Qxh3 Rxh3 26. Rae1 Ne7 27. Nc2 Rh6 28. Nd4 c6 29. Rxe5 dxe5 30. Nb3 Rd6 31. Nxa5 b6 32. c5 Rd5 33. Nc4 Rxc5 34. Nxb6 Rb5 35. Nc4 f6 36. Rc1 Rb8 37. Rd1 Nd5 38. b3 Ra8 39. a3 Kf7 40. b4 Ke6 41. Rc1 Ra4 42. Kf2 f5 43. h4 g6 44. Ke2 h6 45. Kd3 Nf6 46. Re1 Ne4 47. Kc2 h5 48. Re3 Ra7 49. Na5 Ra6 50. a4 Ra8 51. Kb3 c5 52. Nc6 cxb4 53. Kxb4 Kd5 54. Ne7+ Kd4 55. Ra3 Rb8+ 56. Ka5 Kc5 57. Ka6 Re8 58. Nxg6 Re6+ 59. Kb7 Rxg6 60. a5 Nd6+ 61. Kb8 Rg8+ 0-1

[Event "Czech Open GM 2019"]
[Site "Pardubice"]
[Date "2019.07.19"]
[Round "1.29"]
[White "Stinka, Jakub"]
[Black "Polschikov, Alexey"]
[Result "1/2-1/2"]
[WhiteElo "2135"]
[BlackElo "2375"]
[Annotator "NA"]
[PlyCount "88"]
[EventDate "2019.07.19"]
[EventType "swiss"]
[EventCountry "CZE"]
[SourceTitle "playchess.com"]
[Source "ChessBase"]
[SourceQuality "1"]

1. d4 d5 2. c4 dxc4 3. Nf3 a6 4. Nc3 Nf6 5. e4 b5 6. e5 Nd5 7. a4 Nxc3 8. bxc3 Bb7 9. Ng5 h6 10. Qh5 g6 11. Qh3 Bg7 12. Nf3 Qd7 13. Qg3 c5 14. Be3 cxd4 15. Nxd4 Nc6 16. f4 Nxd4 17. Bxd4 Qf5 18. Be2 Qe4 19. Kf2 g5 20. Rhe1 Qxf4+ 21. Qxf4 gxf4 22. Reb1 O-O 23. axb5 axb5 24. Rxa8 Rxa8 25. Rxb5 Bc6 26. Rc5 Be4 27. Bxc4 e6 28. Rb5 Kh7 29. g3 fxg3+ 30. hxg3 h5 31. Rb2 Kg6 32. Ke3 Bf5 33. Bd3 Bh6+ 34. Ke2 Ra3 35. Bxf5+ Kxf5 36. Kf3 Bg7 37. Rh2 Kg5 38. Ke4 Ra1 39. Be3+ Kg6 40. Re2 Ra4+ 41. Bd4 f5+ 42. exf6 Bxf6 43. Kf3 Bxd4 44. cxd4 Rxd4 1/2-1/2

[Event "Czech Open GM 2019"]
[Site "Pardubice"]
[Date "2019.07.19"]
[Round "1.30"]
[White "Novik, Maxim"]
[Black "Parizek, Vojtech"]
[Result "1-0"]
[WhiteElo "2450"]
[BlackElo "2199"]
[Annotator "ChessBase"]
[PlyCount "49"]
[EventDate "2019.07.19"]
[EventType "swiss"]
[EventCountry "CZE"]
[SourceTitle "playchess.com"]
[Source "ChessBase"]
[SourceQuality "1"]

1. Nf3 Nf6 2. g3 g6 3. Bg2 Bg7 4. d4 O-O 5. c4 d6 6. O-O c6 7. Nc3 Qa5 8. h3 e5 9. e4 Re8 10. Be3 exd4 11. Nxd4 Nbd7 12. Qc2 Nb6 13. b3 d5 14. c5 Nbd7 15. exd5 cxd5 16. Ncb5 Ne4 17. b4 Qd8 18. Rad1 Ne5 19. Nc3 Nxc3 20. Qxc3 Bd7 21. Qb3 Be6 22. Nxe6 fxe6 23. Bxd5 Qe7 24. Be4 Rf8 25. Rd6 1-0

[Event "Czech Open GM 2019"]
[Site "Pardubice"]
[Date "2019.07.19"]
[Round "1.30"]
[White "Rubes, Jan"]
[Black "Bartos, Jan"]
[Result "1/2-1/2"]
[WhiteElo "2369"]
[BlackElo "2134"]
[Annotator "NA"]
[PlyCount "120"]
[EventDate "2019.07.19"]
[EventType "swiss"]
[EventCountry "CZE"]
[SourceTitle "playchess.com"]
[Source "ChessBase"]
[SourceQuality "1"]

1. d4 Nf6 2. Nf3 e6 3. Bf4 b6 4. e3 Bb7 5. Bd3 c5 6. O-O Be7 7. h3 O-O 8. c3 cxd4 9. exd4 Qc8 10. Re1 Ba6 11. Bc2 d6 12. Nbd2 Nbd7 13. a4 Re8 14. Nf1 Bb7 15. Ng3 Nf8 16. Bd2 Ng6 17. Bd3 Ba6 18. Bb5 Bxb5 19. axb5 a6 20. bxa6 Rxa6 21. Qe2 Ra8 22. Bg5 Qc6 23. Bxf6 Bxf6 24. Ne4 Be7 25. g3 Rxa1 26. Rxa1 Ra8 27. Rxa8+ Qxa8 28. h4 h6 29. Kh2 d5 30. Ned2 Qa4 31. h5 Nf8 32. Ne5 Qc2 33. Nd3 Nd7 34. f3 Bg5 35. f4 Be7 36. Kg2 Nf6 37. Kf3 Nxh5 38. g4 Nf6 39. Qe3 Qd1+ 40. Qe2 Qxe2+ 41. Kxe2 Nxg4 42. Kf3 f5 43. b3 Kf7 44. c4 dxc4 45. bxc4 Bf6 46. Nb3 Ke7 47. c5 bxc5 48. dxc5 e5 49. Nb4 exf4 50. Nd5+ Ke6 51. Nxf4+ Kd7 52. Nd5 g5 53. Na5 Bd8 54. Nb3 Kc6 55. Nb4+ Kb5 56. Nc2 Ne5+ 57. Ke3 f4+ 58. Ke4 Nc6 59. Ncd4+ Nxd4 60. Nxd4+ Kxc5 1/2-1/2

[Event "Czech Open GM 2019"]
[Site "Pardubice"]
[Date "2019.07.19"]
[Round "1.31"]
[White "Kusa, Jakub"]
[Black "Biolek, Richard Jr."]
[Result "0-1"]
[WhiteElo "2199"]
[BlackElo "2447"]
[Annotator "NA"]
[PlyCount "146"]
[EventDate "2019.07.19"]
[EventType "swiss"]
[EventCountry "CZE"]
[SourceTitle "playchess.com"]
[Source "ChessBase"]
[SourceQuality "1"]

1. e4 e5 2. Nf3 Nc6 3. Bb5 a6 4. Ba4 Nf6 5. O-O Bc5 6. c3 b5 7. Bb3 d6 8. a4 Rb8 9. d4 Bb6 10. h3 O-O 11. Na3 b4 12. Nc4 bxc3 13. dxe5 dxe5 14. bxc3 Qxd1 15. Bxd1 Nxe4 16. Nfxe5 Nxe5 17. Nxe5 Re8 18. Nc6 Ra8 19. a5 Bc5 20. Bf3 Bb7 21. Nd4 Nxc3 22. Bxb7 Bxd4 23. Bxa8 Ne2+ 24. Kh1 Bxa1 25. Bb7 Bc3 26. Bxa6 Bxa5 27. Be3 Nc3 28. Bd2 Rd8 29. Bxc3 Bxc3 30. Rc1 Be5 31. Kg1 Kf8 32. Kf1 Rd2 33. Ke1 Rb2 34. Bd3 h6 35. Rc2 Rb1+ 36. Ke2 Ra1 37. Bc4 Ke7 38. Ra2 Rc1 39. Bb3 Rc3 40. Ba4 Rc4 41. Bc2 Rb4 42. Ra4 Rb2 43. Kd3 g5 44. Ra3 Rb4 45. Ra4 Rb2 46. Ra3 Rb6 47. Ra4 f5 48. Kd2 f4 49. Rc4 Kd6 50. Be4 c5 51. f3 Ra6 52. Bd3 Ra3 53. Bc2 Ra1 54. Bd1 Ra2+ 55. Bc2 Ra1 56. Bd1 Bd4 57. Ra4 Be3+ 58. Ke2 Rb1 59. Ra2 Ke5 60. Rc2 Kd4 61. Ra2 c4 62. Rc2 Ra1 63. Rb2 h5 64. Rb8 Ra2+ 65. Ke1 Kd3 66. Rd8+ Bd4 67. Re8 c3 68. Be2+ Rxe2+ 69. Rxe2 c2 70. Rd2+ Kc3 71. Rxd4 c1=Q+ 72. Rd1 Qc2 73. Rd5 Qxg2 0-1

[Event "Czech Open GM 2019"]
[Site "Pardubice"]
[Date "2019.07.19"]
[Round "1.31"]
[White "Jezbera, Jiri"]
[Black "Krishna Teja, N."]
[Result "0-1"]
[WhiteElo "2133"]
[BlackElo "2368"]
[Annotator "NA"]
[PlyCount "86"]
[EventDate "2019.07.19"]
[EventType "swiss"]
[EventCountry "CZE"]
[SourceTitle "playchess.com"]
[Source "ChessBase"]
[SourceQuality "1"]

1. e4 c6 2. d4 d5 3. e5 Bf5 4. c3 e6 5. Nf3 c5 6. h3 Nc6 7. Be3 Qb6 8. Qd2 Rc8 9. Be2 cxd4 10. Nxd4 Nxd4 11. Bxd4 Bc5 12. Bxc5 Qxc5 13. O-O Ne7 14. Na3 a6 15. Bd3 O-O 16. Nc2 Bxd3 17. Qxd3 Nc6 18. Rfe1 Rfd8 19. Nd4 Nxd4 20. cxd4 Qc2 21. Qa3 Qd2 22. Rad1 Qg5 23. Qb4 Rd7 24. Qd2 Qd8 25. Rc1 Rdc7 26. Qa5 Qd7 27. Qd2 h6 28. a3 Qa4 29. Rxc7 Rxc7 30. Qe3 Rc2 31. b4 Qc6 32. Rd1 Qc4 33. Rd3 Qa2 34. g4 Re2 35. Qf3 Qb1+ 36. Kg2 Re1 37. Rc3 Rh1 38. Kg3 Qf1 39. Kh4 Rh2 40. Rc8+ Kh7 41. Rc3 Rxf2 42. Qd3+ Qxd3 43. Rxd3 Rg2 0-1

[Event "Czech Open GM 2019"]
[Site "Pardubice"]
[Date "2019.07.19"]
[Round "1.32"]
[White "Braeuer, Franz"]
[Black "Medvedyk, Volodymyr"]
[Result "0-1"]
[WhiteElo "2445"]
[BlackElo "2197"]
[Annotator "NA"]
[PlyCount "36"]
[EventDate "2019.07.19"]
[EventType "swiss"]
[EventCountry "CZE"]
[SourceTitle "playchess.com"]
[Source "ChessBase"]
[SourceQuality "1"]

1. e4 e5 2. Nf3 Nc6 3. d4 exd4 4. Nxd4 Bc5 5. Nb3 Bb6 6. Nc3 Nf6 7. Bg5 O-O 8. Bd3 Ne5 9. O-O h6 10. Bh4 Ng6 11. Bg3 d6 12. Na4 Bg4 13. Qe1 Nh5 14. Nxb6 Nxg3 15. Nxa8 Nxf1 16. Nxc7 Nxh2 17. Nd5 Nh4 18. Kxh2 Nf3+ 0-1

[Event "Czech Open GM 2019"]
[Site "Pardubice"]
[Date "2019.07.19"]
[Round "1.32"]
[White "Colpe, Malte"]
[Black "Shpanko, Nadiia"]
[Result "1/2-1/2"]
[WhiteElo "2367"]
[BlackElo "2132"]
[Annotator "NA"]
[PlyCount "104"]
[EventDate "2019.07.19"]
[EventType "swiss"]
[EventCountry "CZE"]
[SourceTitle "playchess.com"]
[Source "ChessBase"]
[SourceQuality "1"]

1. d4 Nf6 2. c4 e6 3. Nc3 Bb4 4. g3 d5 5. Bg2 O-O 6. Nf3 Ne4 7. Qc2 Nd7 8. O-O Bxc3 9. bxc3 Nb6 10. c5 Nc4 11. Ne1 e5 12. Nd3 Bf5 13. f3 Nf6 14. Qb3 exd4 15. cxd4 Re8 16. Rf2 b6 17. Bf4 Nh5 18. Bc1 Nf6 19. Qc3 Bxd3 20. Qxd3 bxc5 21. dxc5 Qe7 22. Qd4 Ne3 23. Rb1 Nxg2 24. Kxg2 Rab8 25. Rb3 Qd7 26. Bg5 Rxb3 27. axb3 Qf5 28. Bxf6 gxf6 29. c6 Qe6 30. Qc5 a6 31. e3 Qxe3 32. Qxd5 Qe5 33. Qd7 Qe6 34. Rd2 Re7 35. b4 Kg7 36. h4 h6 37. h5 Qe3 38. Qg4+ Qg5 39. Qxg5+ fxg5 40. Ra2 g4 41. fxg4 Re4 42. Rxa6 Rxb4 43. Ra7 Rxg4 44. Rxc7 Rg5 45. Kf3 Rxh5 46. Rc8 Kf6 47. Rh8 Rc5 48. Rxh6+ Kg5 49. Rd6 Kf5 50. Ke3 Ke5 51. Rh6 Rc3+ 52. Kf2 f6 1/2-1/2

[Event "Czech Open GM 2019"]
[Site "Pardubice"]
[Date "2019.07.19"]
[Round "1.33"]
[White "Debevec, Blaz"]
[Black "Galperin, Platon"]
[Result "1/2-1/2"]
[WhiteElo "2195"]
[BlackElo "2445"]
[Annotator "NA"]
[PlyCount "69"]
[EventDate "2019.07.19"]
[EventType "swiss"]
[EventCountry "CZE"]
[SourceTitle "playchess.com"]
[Source "ChessBase"]
[SourceQuality "1"]

1. e4 e5 2. Nf3 Nc6 3. d4 exd4 4. Nxd4 Bc5 5. Nxc6 bxc6 6. Nc3 Nf6 7. Bd3 d5 8. exd5 O-O 9. O-O cxd5 10. Bg5 c6 11. Qf3 Be7 12. h3 h6 13. Bh4 Be6 14. Rfe1 Rb8 15. Rab1 Rb4 16. Bg3 Bd6 17. a3 Rb7 18. Ne2 Bxg3 19. Nxg3 Qa5 20. b4 Qc7 21. Nf5 Bxf5 22. Qxf5 c5 23. bxc5 Rxb1 24. Rxb1 Qxc5 25. a4 Qc3 26. Qf4 Re8 27. Rb8 Qe1+ 28. Kh2 Qe7 29. a5 g6 30. g3 Kg7 31. Rxe8 Nxe8 32. Qd4+ Nf6 33. a6 Kg8 34. Kg2 Kg7 35. Kh2 1/2-1/2

[Event "Czech Open GM 2019"]
[Site "Pardubice"]
[Date "2019.07.19"]
[Round "1.33"]
[White "Vasicek, Martin"]
[Black "Martin, Julian"]
[Result "1/2-1/2"]
[WhiteElo "2132"]
[BlackElo "2363"]
[Annotator "NA"]
[PlyCount "135"]
[EventDate "2019.07.19"]
[EventType "swiss"]
[EventCountry "CZE"]
[SourceTitle "playchess.com"]
[Source "ChessBase"]
[SourceQuality "1"]

1. d4 Nf6 2. Nf3 b6 3. Bf4 Bb7 4. e3 Nh5 5. Bg5 h6 6. Bh4 g5 7. Ne5 Nf6 8. Bg3 d6 9. Nd3 Ne4 10. Be2 Nxg3 11. hxg3 Bxg2 12. Rh2 Bb7 13. Bf3 Qc8 14. Nc3 c5 15. Qe2 Bg7 16. O-O-O Nd7 17. Rdh1 a6 18. Ne4 c4 19. Ne1 Rf8 20. g4 d5 21. Ng3 e6 22. Nh5 Bh8 23. Ng3 Bg7 24. Nh5 Bh8 25. Ng3 Qc7 26. Rxh6 O-O-O 27. c3 Bg7 28. Rh7 Bf6 29. Nc2 Be7 30. Qe1 b5 31. Qg1 a5 32. Qg2 b4 33. e4 Nf6 34. exd5 Nxh7 35. d6 Bxd6 36. Rxh7 bxc3 37. bxc3 Bf4+ 38. Ne3 Bd5 39. Ne4 Qc6 40. Kb1 Qb5+ 41. Ka1 Rh8 42. Rxf7 Rhf8 43. Rxf8 Rxf8 44. Nc5 Bxe3 45. Bxd5 Rxf2 46. Bxe6+ Kd8 47. Qa8+ Ke7 48. Qa7+ Kf8 49. Qa8+ Ke7 50. Qa7+ Kd6 51. Ne4+ Kxe6 52. Nxf2 Bxf2 53. d5+ Kxd5 54. Qxf2 Ke4 55. Qc2+ Kf4 56. a4 Qc5 57. Kb2 Kxg4 58. Qg2+ Kf4 59. Qh2+ Kf5 60. Qh3+ Kf4 61. Qh2+ Kf3 62. Qh3+ Kf2 63. Qh2+ Kf1 64. Qh3+ Ke1 65. Qh1+ Kf2 66. Qh2+ Kf3 67. Qh3+ Kf4 68. Qh2+ 1/2-1/2